| 000 | 00702nam a2200205 u 4500 | ||
|---|---|---|---|
| 005 | 20230325063521.0 | ||
| 008 | 120125s2011 r 000 0 eng d | ||
| 020 | _a9786077916291 | ||
| 035 | _aUPN01000183135 | ||
| 049 | _aCG | ||
| 050 | 4 |
_aF1233 _bK5.7 |
|
| 100 | 1 | _aKnapp, Frank A. | |
| 245 | 1 | 0 |
_aSebastián Lerdo de Tejada / _cFrank A. Knapp ; tr. Francisco González Aramburo. |
| 260 |
_aMéxico : _bINEHRM : _bUniversidad Veracruzana, _c2011. |
||
| 300 | _a491 p. | ||
| 534 |
_pTítulo original: _tThe life of Sebastián Lerdo de Tejada : 1823-1889 : a study of influence and obscurity |
||
| 600 | 1 | 2 |
_aLerdo de Tejada, Sebastián, _d1823-1889 _920186 |
| 905 | _aLibro | ||
| 999 |
_c155238 _d155238 |
||